Едят ли грызуны пластмассовые трубы?; Трубопроводы и экология; № 1

Detalles Bibliográficos
Parent link:Трубопроводы и экология: научно-практический журнал.— , 2002-2012
№ 1.— 2003.— С. 28
Idioma:ruso
Publicado: 2003
Series:Справочные материалы
Subjects:
Formato: Capítulo de libro
KOHA link:https://koha.lib.tpu.ru/cgi-bin/koha/opac-detail.pl?biblionumber=386079

MARC

LEADER 00000naa2a2200000 4500
001 386079
005 20231101063431.0
035 |a (RuTPU)RU\TPU\prd\14439 
090 |a 386079 
100 |a 20030529a2003 k y0rusy50 ca 
101 0 |a rus 
102 |a RU 
200 1 |a Едят ли грызуны пластмассовые трубы? 
225 1 |a Справочные материалы 
461 1 |0 (RuTPU)RU\TPU\prd\4239  |t Трубопроводы и экология  |o научно-практический журнал  |d 2002-2012 
463 1 |0 (RuTPU)RU\TPU\prd\13778  |t № 1  |v С. 28  |d 2003 
610 1 |a грызуны 
610 1 |a пластмассовые трубы 
610 1 |a повреждения 
801 1 |a RU  |b 63413507  |c 20030529  |g PSBO 
801 2 |a RU  |b 63413507  |c 20140703  |g RCR 
942 |c BK